[Event "SRB-chT Cup"]
[Site "Kragujevac"]
[Date "2016.04.23"]
[Round "6.7"]
[White "Musovic, Sabrija"]
[Black "Matovic, Milovan"]
[Result "1-0"]
[WhiteElo "2011"]
[BlackElo "1934"]
[PlyCount "155"]
[EventDate "2016.04.20"]
[EventType "team-swiss"]
[EventRounds "7"]
[EventCountry "SRB"]
[SourceTitle "CBM 172 Extra"]
[Source "ChessBase"]
[SourceDate "2016.06.21"]
[SourceVersion "1"]
[SourceVersionDate "2016.06.21"]
[SourceQuality "1"]
[WhiteTeam "Prijepolje Priko"]
[BlackTeam "Kragujevac Marsic"]
[WhiteTeamCountry "SRB"]
[BlackTeamCountry "SRB"]

1. e4 e5 2. Nf3 Nc6 3. Bb5 Bc5 4. 0-0 Nge7 5. c3 a6 6. Ba4 b5 7. Bb3 d5 8. exd5 Nxd5 9. Nxe5 Nxe5 10. d4 Ng6 11. dxc5 c6 12. Re1+ Nge7 13. Bg5 Ra7 14. a4 Be6 15. axb5 cxb5 16. Qd4 0-0 17. Bxd5 Qxd5 18. Bxe7 Qxd4 19. cxd4 Rxe7 20. d5 Ra7 21. dxe6 fxe6 22. b4 Rf4 23. Nd2 Rxb4 24. Rxe6 Rb2 25. Ne4 a5 26. f3 b4 27. Nd6 h6 28. Nb5 Ra8 29. c6 Rc2 30. Rb1 Rc5 31. Nd4 Rd5 32. Re4 Rc5 33. Re7 Rc8 34. Rxg7+ Kxg7 35. Ne6+ Kf7 36. Nxc5 Rxc6 37. Nd3 Rb6 38. Ne5+ Ke6 39. Nc4 Rb5 40. Nxa5 Rxa5 41. Rxb4 Kf6 42. h4 Ra6 43. Rg4 Ra5 44. Kh2 Kf7 45. Kh3 Ra1 46. Rb4 Kg6 47. Rb6+ Kg7 48. Kg4 Ra5 49. Rb7+ Kf6 50. Rb6+ Kg7 51. Rb4 Kg6 52. h5+ Kf6 53. Rb6+ Kg7 54. Rg6+ Kh7 55. f4 Ra8 56. g3 Ra5 57. Re6 Ra7 58. Re4 Rg7+ 59. Kf3 Ra7 60. f5 Kg7 61. Kf4 Ra1 62. Re7+ Kf6 63. Re6+ Kg7 64. Rg6+ Kh7 65. f6 Re1 66. Rg7+ Kh8 67. Ra7 Rf1+ 68. Ke5 Kg8 69. Ke6 Rf3 70. g4 Rf4 71. Rg7+ Kh8 72. Rg6 Kh7 73. f7 Rf2 74. Ke7 Re2+ 75. Re6 Ra2 76. Rxh6+ Kxh6 77. f8Q+ Kg5 78. Qf5+ 1-0

[Event "SRB-chT Cup"]
[Site "Kragujevac"]
[Date "2016.04.22"]
[Round "4.7"]
[White "Matovic, Milovan"]
[Black "Milanovic, Tomislav"]
[Result "1-0"]
[WhiteElo "1934"]
[BlackElo "1872"]
[PlyCount "63"]
[EventDate "2016.04.20"]
[EventType "team-swiss"]
[EventRounds "7"]
[EventCountry "SRB"]
[SourceTitle "CBM 172 Extra"]
[Source "ChessBase"]
[SourceDate "2016.06.21"]
[SourceVersion "1"]
[SourceVersionDate "2016.06.21"]
[SourceQuality "1"]
[WhiteTeam "Kragujevac Marsic"]
[BlackTeam "Kragujevac Lepenica"]
[WhiteTeamCountry "SRB"]
[BlackTeamCountry "SRB"]

1. e4 c5 2. Nf3 e6 3. c4 Nc6 4. d4 cxd4 5. Nxd4 a6 6. a3 Qb6 7. Nxc6 bxc6 8. Nc3 d6 9. b4 Bb7 10. Be3 Qc7 11. Rb1 Nf6 12. Bd3 Be7 13. Rc1 0-0 14. 0-0 Nd7 15. f4 e5 16. f5 Qd8 17. Rf3 Bg5 18. Qd2 Bxe3+ 19. Qxe3 f6 20. Kf1 Kf7 21. Rh3 Rh8 22. Rd1 Ke7 23. Be2 c5 24. Qg3 Kf8 25. Rxd6 cxb4 26. axb4 Qc7 27. Qd3 Rd8 28. c5 Ke7 29. Nd5+ Bxd5 30. Qxd5 Nf8 31. Bc4 Ke8 32. Rxd8+ 1-0

[Event "SRB-chT Cup"]
[Site "Kragujevac"]
[Date "2016.04.21"]
[Round "2.6"]
[White "Djoric, Hadzi Goran"]
[Black "Matovic, Milovan"]
[Result "1-0"]
[WhiteElo "2126"]
[BlackElo "1934"]
[PlyCount "105"]
[EventDate "2016.04.20"]
[EventType "team-swiss"]
[EventRounds "7"]
[EventCountry "SRB"]
[SourceTitle "CBM 172 Extra"]
[Source "ChessBase"]
[SourceDate "2016.06.21"]
[SourceVersion "1"]
[SourceVersionDate "2016.06.21"]
[SourceQuality "1"]
[WhiteTeam "Gornja Jablanica Medvedja"]
[BlackTeam "Kragujevac Marsic"]
[WhiteTeamCountry "SRB"]
[BlackTeamCountry "SRB"]

1. d4 d5 2. Bf4 Bf5 3. Nf3 f6 4. e3 e6 5. Nh4 Bxc2 6. Qxc2 g5 7. Bxc7 Bb4+ 8. Kd1 Qd7 9. Bxb8 gxh4 10. Qb3 a6 11. Qxb4 Rxb8 12. Be2 Ne7 13. Nc3 Nc6 14. Bh5+ Kd8 15. Qb6+ Ke7 16. Rc1 Kf8 17. Na4 Kg7 18. Nc5 Qc8 19. a3 Kh6 20. Bg4 f5 21. Bf3 Rg8 22. b4 Rg7 23. a4 Qe8 24. b5 Nd8 25. bxa6 Rg6 26. axb7 e5 27. Qc7 Nxb7 28. Nxb7 Qxa4+ 29. Kd2 Qb4+ 30. Qc3 Qxc3+ 31. Rxc3 e4 32. Be2 Rxb7 33. Rg1 Rgb6 34. Rgc1 Kg5 35. f4+ exf3 36. Bxf3 Rd6 37. Rc5 Rbd7 38. Rb1 f4 39. e4 Kh6 40. Rxd5 Rxd5 41. exd5 Kg5 42. Re1 h5 43. Re5+ Kf6 44. Rxh5 Ra7 45. Rxh4 Kg5 46. Rh5+ Kg6 47. Kd3 Ra3+ 48. Ke4 Ra4 49. d6 Kf6 50. Bg4 Ra8 51. Kxf4 Rd8 52. d7 Kg6 53. d5 1-0

[Event "SRB-chT Cup"]
[Site "Kragujevac"]
[Date "2016.04.21"]
[Round "3.7"]
[White "Matovic, Milovan"]
[Black "Dimitrijevic, Milorad"]
[Result "0-1"]
[WhiteElo "1934"]
[BlackElo "2113"]
[PlyCount "90"]
[EventDate "2016.04.20"]
[EventType "team-swiss"]
[EventRounds "7"]
[EventCountry "SRB"]
[SourceTitle "CBM 172 Extra"]
[Source "ChessBase"]
[SourceDate "2016.06.21"]
[SourceVersion "1"]
[SourceVersionDate "2016.06.21"]
[SourceQuality "1"]
[WhiteTeam "Kragujevac Marsic"]
[BlackTeam "Bajina Basta"]
[WhiteTeamCountry "SRB"]
[BlackTeamCountry "SRB"]

1. e4 e5 2. Bc4 Nc6 3. c3 Nf6 4. d3 Be7 5. Nf3 0-0 6. b4 a6 7. a4 d5 8. exd5 Nxd5 9. h3 Bf6 10. Bb2 Nb6 11. Bb3 e4 12. dxe4 Nxb4 13. cxb4 Bxb2 14. Ra2 Qf6 15. Qc2 Be5 16. a5 Nd7 17. Nbd2 Bd6 18. Rb2 Qe7 19. Ba4 Bxb4 20. 0-0 Bxa5 21. Nc4 Bb6 22. Bxd7 Bxd7 23. Nxb6 cxb6 24. Rxb6 Rac8 25. Qb1 Bb5 26. Rc1 Rxc1+ 27. Qxc1 Qxe4 28. Rd6 h6 29. Rd4 Qe6 30. Rg4 Re8 31. Qc3 g6 32. Rh4 g5 33. Rb4 Bc6 34. Rb6 Qe4 35. Rb4 Qe7 36. Rb6 Rd8 37. Qb3 Qe2 38. Rxc6 bxc6 39. Qb6 Rd1+ 40. Kh2 Qb5 41. Qc7 Qd5 42. Qc8+ Kh7 43. Qxa6 Qd6+ 44. g3 Qd5 45. Kg2 Rd3 0-1